000
00212 a2200097 4500
001
44539
100
_a
Luthuns
245
_a
Social Issues in Business
260
_a
New York
_b
Macmillan
_c
090
_c
28261
_d
28261
942
_a
NUST-CAE
_c
M
_c
20293
999
_c
279612
_d
279612